00399nam a22001577a 4500003000500000005001700005008004100022020001800063040000600081082001500087100001700102245005400119260004300173300001400216650001100230CEME20210628201656.0210215b xxu||||| |||| 00| 0 eng d a0-669-29790-9 c. a808.84 BRA aBrandon, Lee aParagraphs and essays with multicultural readings aLEXINGTONbD.C HEATH AND COMPANYc1994 aXXVI,589P aESSAYS